Normal view
MARC view
Entry Personal Name
001 - CONTROL NUMBER
- control field: 12547
003 - CONTROL NUMBER IDENTIFIER
- control field: BD-RjUL
005 - DATE AND TIME OF LATEST TRANSACTION
- control field: 20240327095151.0
008 - FIXED-LENGTH DATA ELEMENTS
- fixed length control field: 240327|| aca||aabn | a|a d
040 ## - CATALOGING SOURCE
- Original cataloging agency: BD-RjUL
- Transcribing agency: BD-RjUL
100 ## - HEADING--PERSONAL NAME
- Personal name: Uddin, Md. Alfaz
670 ## - SOURCE DATA FOUND
- Source citation: Work cat.: (BD-RjUL)83484: Uddin, Md. Alfaz, Theoretical Determination of Electron Impact Single Ionization Cross-sections for Neutral Atoms and Ions /, 2004